000 00600 a2200169 4500
999 _c5450
_d5450
010 _aENG-86858
020 _c35.00
035 _aEN-70391
037 _bDBAD / PUB
082 1 4 _a230.1
100 1 _aKashyap, R.L.
245 1 _aGanapati :
_cby R.L.Kashyap
_bbrahmanaspati and kumara (mantras from Rigveda, yajurveda and upanishads) /
260 _aBangalore
_bSri Aurobindo Kapali Sastry Inst. of Vedic Culture
_c2005
270 _a63, 13th Main, 4th Block East, Jayanagar
_bBangalore
_e560 011
_minfo@vedah.com
300 _avi, 58p
_c22cm (Pbk)
942 _adpl
_cEN
_2ddc
_h230.1
_mKAS